Would better institutional quality contribute towards reducing the size of government in Sub-Saharan Africa? (Record no. 89227)

000 -LEADER
fixed length control field 00493pab a2200181 454500
008 - FIXED-LENGTH DATA ELEMENTS--GENERAL INFORMATION
fixed length control field 180718b2010 xxu||||| |||| 00| 0 eng d
100 ## - MAIN ENTRY--PERSONAL NAME
Personal name Sobhee, Sanjeev K.
245 ## - TITLE STATEMENT
Title Would better institutional quality contribute towards reducing the size of government in Sub-Saharan Africa?
260 ## - PUBLICATION, DISTRIBUTION, ETC.
Date of publication, distribution, etc. 2010
300 ## - PHYSICAL DESCRIPTION
Extent p.265-278.
362 ## - DATES OF PUBLICATION AND/OR SEQUENTIAL DESIGNATION
Dates of publication and/or sequential designation Aug
650 ## - SUBJECT ADDED ENTRY--TOPICAL TERM
Topical term or geographic name entry element Public policy
650 ## - SUBJECT ADDED ENTRY--TOPICAL TERM
Topical term or geographic name entry element Globalization
650 ## - SUBJECT ADDED ENTRY--TOPICAL TERM
Topical term or geographic name entry element Public expenditure
773 ## - HOST ITEM ENTRY
Main entry heading Margin
908 ## - PUT COMMAND PARAMETER (RLIN)
Put command parameter N
909 ## -
-- 89227
Holdings
Withdrawn status Lost status Damaged status Not for loan Permanent Location Current Location Date acquired Serial Enumeration / chronology Barcode Date last seen Price effective from Koha item type
        Indian Institute of Public Administration Indian Institute of Public Administration 2018-07-19 Volume no: 4, Issue no: 3 AR89687 2018-07-19 2018-07-19 Articles

Powered by Koha